Otvorenosť a ekonomický rast - teoretický pohľad

Prehľad výskumných štúdií, ktoré sa venujú problematike otvorenosti a ekonomického rastu krajiny.

Saved in:
Bibliographic Details
Main Author: Novák, Marcel, 1979-
Other Authors: Skalák, Pavol
Format: Book Chapter
Language:Slovak
Subjects:
Tags: Add Tag
No Tags, Be the first to tag this record!

MARC

LEADER 00000naa a2200000 4500
001 0147711
005 20240502072651.0
041 0 |a slo 
044 |a SK 
245 1 0 |a Otvorenosť a ekonomický rast - teoretický pohľad  |c Marcel Novák, Pavol Skalák 
520 |a Prehľad výskumných štúdií, ktoré sa venujú problematike otvorenosti a ekonomického rastu krajiny. 
610 2 0 |a rast hospodársky 
610 2 0 |a hospodárstvo otvorené 
610 2 0 |a globalizácia 
610 2 0 |a makroekonomika 
610 2 0 |a teórie ekonomické 
100 1 |a Novák, Marcel, 1979- 
700 1 |a Skalák, Pavol